| 000 -CABECERA |
| Campo de control de longitud fija |
01088nam#a2200313#c#4500 |
| 003 - IDENTIFICADOR DE NÚMERO DE CONTROL |
| Campo de control |
IEF |
| 005 - FECHA Y HORA DE LA ÚLTIMA TRANSACCIÓN |
| Campo de control |
20260429140615.0 |
| 007 - CAMPO FIJO DE DESCRIPCIÓN FÍSICA - INFORMACIÓN GENERAL |
| campo de control de longitud fija |
ta |
| 008 - CAMPO FIJO DE DESCRIPCIÓN FIJA - INFORMACIÓN GENERAL |
| Campo de control de longitud fija |
071024t2025 sp fr |00||u|spa|u |
| 017 ## - DEPÓSITO LEGAL |
| DEPÓSITO LEGAL |
M 24751-2025 |
| 020 ## - INTERNATIONAL STANDARD BOOK NUMBER |
| ISBN |
979-13-87743-15-4 |
| 040 ## - FUENTE DE LA CATALOGACIÓN |
| Centro catalogador de origen |
ES-MaIEF |
| Lengua de catalogación |
spa |
| Centro transcriptor |
ES-MaIEF |
| 245 00 - MENCIÓN DE TÍTULO |
| Título |
El impacto de la fiscalidad internacional |
| Mención de responsabilidad, etc. |
Director, Isaac Merino Jara ; coordinadores, Antonio Vázquez del Rey Villanueva, Irune Suberbiola Garbizu |
| 250 ## - MENCIÓN DE EDICIÓN |
| Mención de edición |
[1ª ed., noviembre 2025] |
| 260 ## - PUBLICACIÓN, DISTRIBUCIÓN, ETC (PIE DE IMPRENTA) |
| Lugar de publicación, distribución, etc. |
Las Rozas (Madrid) |
| Nombre del editor, distribuidor, etc. |
La Ley |
| Fecha de publicación, distribución, etc. |
[2025] |
| 300 ## - DESCRIPCIÓN FÍSICA |
| Extensión |
1766 p. |
| Dimensiones |
24 cm |
| 490 ## - MENCIÓN DE SERIE |
| Mención de serie |
Tratado de derecho tributario |
| 504 ## - NOTA DE BIBLIOGRAFÍA, ETC. |
| Bibliografía, etc. |
Bibliografía. |
| 650 #4 - PUNTO DE ACCESO ADICIONAL DE MATERIA - TÉRMINO DE MATERIA |
| Término de materia o nombre geográfico como elemento inicial |
FISCALIDAD INTERNACIONAL |
| 9 (RLIN) |
44303 |
| 650 #4 - PUNTO DE ACCESO ADICIONAL DE MATERIA - TÉRMINO DE MATERIA |
| Término de materia o nombre geográfico como elemento inicial |
DERECHO COMUNITARIO EUROPEO |
| 9 (RLIN) |
41975 |
| 650 #7 - PUNTO DE ACCESO ADICIONAL DE MATERIA - TÉRMINO DE MATERIA |
| Término de materia o nombre geográfico como elemento inicial |
ECONOMÍA DIGITAL |
| 9 (RLIN) |
66104 |
| 650 #4 - PUNTO DE ACCESO ADICIONAL DE MATERIA - TÉRMINO DE MATERIA |
| Término de materia o nombre geográfico como elemento inicial |
EROSIÓN DE LA BASE IMPONIBLE Y TRASLADO DE BENEFICIOS |
| 9 (RLIN) |
63148 |
| 650 #4 - PUNTO DE ACCESO ADICIONAL DE MATERIA - TÉRMINO DE MATERIA |
| Término de materia o nombre geográfico como elemento inicial |
SISTEMA FISCAL |
| 9 (RLIN) |
48426 |
| 700 1# - PUNTO DE ACCESO ADICIONAL- NOMBRE DE PERSONA |
| Nombre de persona |
Merino Jara, Isaac |
| 9 (RLIN) |
29263 |
| 700 ## - PUNTO DE ACCESO ADICIONAL- NOMBRE DE PERSONA |
| Nombre de persona |
Vázquez del Rey Villanueva, Antonio |
| 9 (RLIN) |
44861 |
| 700 1# - PUNTO DE ACCESO ADICIONAL- NOMBRE DE PERSONA |
| Nombre de persona |
Suberbiola Garbizu, Irune |
| 9 (RLIN) |
66912 |
| 942 ## - ELEMENTOS KOHA |
| Koha tipo de item |
Libros |